[Event "Staatsliga B West 1998/99"]
[Site "masterchessopen.com Austria"]
[Round "9"]
[White "Unzicker Ferdinand (GER)"]
[Black "Gross David (GER)"]
[Result "1-0"]
[WhiteElo "2301"]
[BlackElo "2425"]

1.e4 c5 2.Nf3 Nc6 3.d4 cxd4 4.Nxd4 Nf6 5.Nc3 d6 6.Bg5 e6 7.Qd2 a6 8.O-O-O Bd7
9.f4 b5 10.e5 dxe5 11.fxe5 Nxe5 12.Qe1 Qc7 13.Kb1 b4 14.Bf4 bxc3 15.Bxe5 Qb6
16.Qxc3 Be7 17.Qg3 O-O 18.Bd3 Ne8 19.Nf3 Bb5 20.Be4 Rc8 21.Qh3 f5 22.Bd3 Nf6
23.Qg3 Rfd8 24.Nd4 Bxd3 25.Rxd3 Ng4 26.Rhd1 Rd5 27.Nxf5 Rxd3 28.Nxe7+ Kf7
29.Qxd3 Re8 30.Qf3+ Nf6 31.Nc6 {#r} 1-0

[Event "Ch Europe (team) (w)"]
[Site "masterchessopen.com Batumi (Georgia)"]
[Round "7"]
[White "Hunt Harriet (ENG)"]
[Black "Madl Ildiko (HUN)"]
[Result "1-0"]
[WhiteElo "2420"]
[BlackElo "2435"]

1.e4 c5 2.Nf3 d6 3.d4 cxd4 4.Nxd4 Nf6 5.Nc3 Nc6 6.Bg5 e6 7.Qd2 a6 8.O-O-O Bd7
9.f3 Be7 10.h4 Rc8 11.Nxc6 Bxc6 12.Kb1 h6 13.Be3 d5 14.e5 Nd7 15.Qe1 Bb4
16.Bd4 O-O 17.g4 Bxc3 18.Bxc3 d4 19.Rxd4 Bxf3 20.Rg1 Qb6 21.g5 h5 22.g6 f6
23.Rxd7 Rxc3 24.Qxc3 Qxg1 25.Qxf3 Qxg6 26.Be2 {#r} 1-0

[Event "Tournament"]
[Site "masterchessopen.com Besancon (France)"]
[Round "1"]
[White "Mendeiros Jerome (FRA)"]
[Black "Marcelin Cyril (FRA)"]
[Result "0-1"]
[WhiteElo "2203"]
[BlackElo "2395"]

1.e4 c5 2.Nf3 Nc6 3.d4 cxd4 4.Nxd4 Nf6 5.Nc3 d6 6.Bg5 e6 7.Qd2 a6 8.O-O-O Bd7
9.f4 b5 10.Bxb5 axb5 11.Ndxb5 Nb4 12.a3 Na2+ 13.Kb1 Nxc3+ 14.Nxc3 Bc6 15.Qe3
Qa5 16.Bxf6 gxf6 17.Nd5 Be7 18.Rhe1 Bxd5 19.exd5 e5 20.Qb3 O-O 21.Re3 Rab8
22.Rg3+ Kh8 23.Qf3 Rg8 24.fxe5 fxe5 25.Qf5 Rxg3 26.hxg3 Qxa3 27.b3 Ra8 {#R}
0-1

[Event "It (open)"]
[Site "masterchessopen.com Creon (France)"]
[Round "0"]
[White "Guyader Thierry (FRA)"]
[Black "Marcelin Cyril (FRA)"]
[Result "0-1"]
[WhiteElo "2119"]
[BlackElo "2395"]

1.e4 c5 2.Nf3 Nc6 3.d4 cxd4 4.Nxd4 Nf6 5.Nc3 d6 6.Bg5 e6 7.Qd2 a6 8.O-O-O Bd7
9.Nb3 b5 10.f4 b4 11.Bxf6 gxf6 12.Ne2 a5 13.Nbd4 Qb6 14.f5 h5 15.fxe6 fxe6
16.Qd3 Ne5 17.Qh3 Ng4 18.Qf3 e5 19.Nf5 Nf2 20.Nxd6+ Bxd6 21.Qxf6 Rf8 22.Qg6+
Ke7 23.Qg5+ Rf6 24.Qg7+ Rf7 25.Qg5+ Ke8 {#R} 0-1

[Event "Ch France (team) (2) 1998/99"]
[Site "masterchessopen.com France"]
[Round "8"]
[White "Bourquin Stephane (FRA)"]
[Black "David Vincent (FRA)"]
[Result "1-0"]
[WhiteElo "2257"]
[BlackElo "2157"]

1.e4 c5 2.Nf3 Nc6 3.d4 cxd4 4.Nxd4 Nf6 5.Nc3 d6 6.Bg5 e6 7.Qd2 a6 8.O-O-O Bd7
9.f4 b5 10.Nxc6 Bxc6 11.Qe3 h6 12.Bxf6 gxf6 13.f5 h5 14.Kb1 Bh6 15.Qf3 Ke7
16.fxe6 fxe6 17.Bd3 h4 18.Rhf1 Bg5 19.Qg4 Qb6 20.Rde1 Bd7 21.e5 dxe5 22.Rxe5
fxe5 23.Nd5+ exd5 24.Qxg5+ Kd6 25.Rf6+ Be6 26.Rxe6+ {#r} 1-0

[Event "Bundesliga (2nd) East 1999/00"]
[Site "masterchessopen.com Germany"]
[Round "3"]
[White "Schmitzer Klaus (GER)"]
[Black "Paehtz Thomas Jr (GER)"]
[Result "1-0"]
[WhiteElo "2318"]
[BlackElo "2192"]

1.e4 c5 2.Nf3 d6 3.d4 cxd4 4.Nxd4 Nf6 5.Nc3 Nc6 6.Bg5 e6 7.Qd2 a6 8.O-O-O Bd7
9.f3 Be7 10.h4 Rc8 11.Kb1 h5 12.Nxc6 Rxc6 13.Bd3 b5 14.f4 b4 15.Ne2 e5 16.f5
Ng4 17.Ng3 Bf6 18.Rdf1 Qb6 19.Qe2 Bxg5 20.hxg5 g6 21.Qxg4 hxg4 22.Rxh8+ Ke7
23.f6+ Ke6 24.Be2 d5 25.exd5+ {#r} 1-0

[Event "Bundesliga 1999/00"]
[Site "masterchessopen.com Germany"]
[Round "1"]
[White "Lanka Zigurds (LAT)"]
[Black "Kraut Rainer (GER)"]
[Result "1-0"]
[WhiteElo "2504"]
[BlackElo "2453"]

1.e4 c5 2.Nf3 d6 3.d4 cxd4 4.Nxd4 Nf6 5.Nc3 Nc6 6.Bg5 e6 7.Qd2 a6 8.O-O-O Bd7
9.f3 h6 10.Be3 Nxd4 11.Bxd4 e5 12.Be3 Be6 13.Kb1 Rc8 14.Be2 Be7 15.a3 Qa5
16.h4 Rxc3 17.Qxc3 Qxc3 18.bxc3 d5 19.exd5 Nxd5 20.Rd3 Bxa3 21.Rhd1 Nxe3
22.Rxe3 f6 23.f4 Bc5 24.Re4 Bf5 25.Rc4 b6 26.g4 Bd7 27.fxe5 Bb5 28.Re4 Bc6
29.Rf4 fxe5 30.Rf5 {#r} 1-0

[Event "Hessenliga 1998/99"]
[Site "masterchessopen.com Germany"]
[Round "0"]
[White "Schneider Heiko (GER)"]
[Black "Schnitzspan Lothar (GER)"]
[Result "0-1"]
[WhiteElo "2228"]
[BlackElo "2324"]

1.e4 c5 2.Nf3 d6 3.d4 cxd4 4.Nxd4 Nf6 5.Nc3 Nc6 6.Bg5 e6 7.Qd2 a6 8.O-O-O Bd7
9.f4 h6 10.Bh4 Nxe4 11.Qe1 Nf6 12.Nf5 Qa5 13.Nxd6+ Bxd6 14.Rxd6 Qc7 15.Qd2 Ne7
16.Bxf6 gxf6 17.Ne4 O-O-O 18.Qb4 Nd5 19.Rxd5 exd5 20.Nd6+ Kb8 {#R} 0-1

[Event "Landesliga North 1999/00"]
[Site "masterchessopen.com Germany"]
[Round "3"]
[White "Heimrath Wolfgang (GER)"]
[Black "Schindler Viktor (GER)"]
[Result "0-1"]
[WhiteElo "2110"]
[BlackElo "2168"]

1.e4 c5 2.Nf3 Nc6 3.d4 cxd4 4.Nxd4 Nf6 5.Nc3 d6 6.Bg5 e6 7.Qd2 a6 8.O-O-O Bd7
9.f4 b5 10.Bxf6 gxf6 11.f5 Ne5 12.fxe6 fxe6 13.Nf3 Qc7 14.Qf4 Be7 15.g3 O-O-O
16.Bh3 Kb8 17.Nd4 Rc8 18.Qf2 Nc4 19.Bxe6 Bxe6 20.Nxe6 Qa5 21.Rd3 b4 22.Nb1
Qxa2 23.Rb3 d5 24.exd5 a5 25.d6 Bxd6 26.Qd4 Be5 27.Qd5 Bxb2+ 28.Kd1 Ne3+ {#R}
0-1

[Event "Oberliga Southwest 1998/99"]
[Site "masterchessopen.com Germany"]
[Round "8"]
[White "Frolik Erhard (GER)"]
[Black "Heining Thomas (GER)"]
[Result "1-0"]
[WhiteElo "2250"]
[BlackElo "2086"]

1.e4 c5 2.Nf3 d6 3.d4 cxd4 4.Nxd4 Nf6 5.Nc3 Nc6 6.Bg5 e6 7.Qd2 a6 8.O-O-O Bd7
9.f4 b5 10.Qe1 Qb6 11.Nxc6 Bxc6 12.Nd5 Bxd5 13.exd5 Ng4 14.dxe6 Nf2 15.e7 f6
16.Bh4 Nxh1 17.exf8=Q+ Kxf8 18.Bd3 Re8 19.Qxh1 Qe3+ 20.Kb1 Qxf4 21.Bg3 Qe3
22.Bxd6+ Kf7 23.g3 Qe6 24.Qb7+ Kg8 25.Qxa6 Qd5 26.Qxb5 Qxd6 27.Qxe8+ {#r} 1-0

[Event "It \"]
[Site "masterchessopen.com Jyvaskyla (Finland)"]
[Round "0"]
[White "Gavrikov Viktor (LTU)"]
[Black "Veingold Aleksandr (EST)"]
[Result "1-0"]
[WhiteElo "2552"]
[BlackElo "2460"]

1.e4 c5 2.Nf3 Nc6 3.d4 cxd4 4.Nxd4 Nf6 5.Nc3 d6 6.Bg5 e6 7.Qd2 a6 8.O-O-O Bd7
9.Be2 Rc8 10.f4 h6 11.Bh4 Nxe4 12.Nxe4 Qxh4 13.Nf3 Qe7 14.Qe3 Qd8 15.Nxd6+
Bxd6 16.Rxd6 Nb4 17.c3 Qa5 18.Qd4 Qxa2 19.Qxb4 Qa1+ 20.Kd2 Qxh1 21.Rxd7 Kxd7
22.Qxb7+ Kd6 23.Ne5 Rhd8 {#r} 1-0

[Event "It \"]
[Site "masterchessopen.com Jyvaskyla (Finland)"]
[Round "0"]
[White "Peltola Leo (FIN)"]
[Black "Hjelm Niclas (SWE)"]
[Result "0-1"]
[WhiteElo "2062"]
[BlackElo "2306"]

1.e4 c5 2.Nf3 Nc6 3.d4 cxd4 4.Nxd4 Nf6 5.Nc3 d6 6.Bg5 e6 7.Qd2 a6 8.O-O-O Bd7
9.f3 b5 10.Kb1 Be7 11.Nxc6 Bxc6 12.g4 b4 13.Bxf6 gxf6 14.Ne2 Qb6 15.Nd4 Bb7
16.Bc4 O-O-O 17.Qe2 h5 18.Rhf1 hxg4 19.fxg4 Rh4 20.Rg1 Rdh8 21.Nf3 Rh3 22.Rc1
Kb8 23.Rcf1 Qc5 24.Rg2 a5 25.Ng1 Re3 26.Qd2 Qxc4 {#R} 0-1

[Event "It (open)"]
[Site "masterchessopen.com Passau (Germany)"]
[Round "7"]
[White "Bensch Patrick (GER)"]
[Black "Borriss Martin (GER)"]
[Result "0-1"]
[WhiteElo "2233"]
[BlackElo "2440"]

1.e4 c5 2.Nf3 d6 3.d4 cxd4 4.Nxd4 Nf6 5.Nc3 Nc6 6.Bg5 e6 7.Qd2 a6 8.O-O-O Bd7
9.f4 b5 10.Bxf6 gxf6 11.Kb1 Qb6 12.Nxc6 Bxc6 13.Qe1 Ra7 14.Bd3 Qc5 15.f5 b4
16.Ne2 e5 17.Nc1 a5 18.Qe2 Bh6 19.Rhe1 a4 20.Bc4 Rc7 21.b3 a3 22.Rd3 Rd7
23.Red1 Kd8 24.c3 Rg8 25.cxb4 Qxb4 26.Rh3 Bxc1 27.Kxc1 Ke7 28.Rxh7 Qc3+ 29.Kb1
Bxe4+ 30.Bd3 Rxg2 {#R} 0-1

[Event "Ch Croatia (team) (1st league)"]
[Site "masterchessopen.com Pula (Croatia)"]
[Round "3"]
[White "Raguz Ivanka (CRO)"]
[Black "Madl Ildiko (HUN)"]
[Result "0-1"]
[WhiteElo "2090"]
[BlackElo "2435"]

1.e4 c5 2.Nf3 d6 3.d4 cxd4 4.Nxd4 Nf6 5.Nc3 Nc6 6.Bg5 e6 7.Qd2 a6 8.O-O-O Bd7
9.f4 b5 10.Nxc6 Bxc6 11.e5 dxe5 12.Qe1 Qc7 13.Bxf6 gxf6 14.Qh4 Be7 15.f5 exf5
16.Be2 Rc8 17.a3 e4 18.Bh5 Bd7 19.Rhe1 Be6 20.g4 fxg4 21.Rxe4 O-O 22.Rxe6 Qf4+
23.Re3 Qxe3+ 24.Kb1 f5 25.Nd5 Bxh4 26.Nxe3 Rc5 27.Rg1 Bf2 {#R} 0-1

[Event "It (cat.13) (2nd event)"]
[Site "masterchessopen.com Solin (Croatia)"]
[Round "9"]
[White "Morovic Fernandez Ivan (CRO)"]
[Black "Kozul Zdenko (CRO)"]
[Result "0-1"]
[WhiteElo "2608"]
[BlackElo "2612"]

1.e4 c5 2.Nf3 Nc6 3.d4 cxd4 4.Nxd4 Nf6 5.Nc3 d6 6.Bg5 e6 7.Qd2 a6 8.O-O-O Bd7
9.f4 b5 10.Nxc6 Bxc6 11.Bd3 b4 12.Ne2 Qb6 13.Bxf6 gxf6 14.Kb1 h5 15.f5 Bh6
16.Qe1 e5 17.Bc4 Ke7 18.b3 Rag8 19.Ng3 h4 20.Nh5 Bg5 21.g4 Rc8 22.Qe2 Bb5
23.Bxb5 axb5 24.Rd5 Rc5 25.Qf2 Rhc8 26.Rxc5 Rxc5 27.Qe2 Qa5 28.Rd1 Rc3 29.Rd5
Qa3 {#R} 0-1

[Event "Ch Switzerland (team)"]
[Site "masterchessopen.com Switzerland"]
[Round "4"]
[White "Milosevic Goran (SUI)"]
[Black "Georges Sacha (SUI)"]
[Result "1-0"]
[WhiteElo "2348"]
[BlackElo "2245"]

1.e4 c5 2.Nf3 d6 3.d4 cxd4 4.Nxd4 Nf6 5.Nc3 Nc6 6.Bg5 e6 7.Qd2 a6 8.O-O-O Bd7
9.Kb1 h6 10.Be3 Ng4 11.Nxc6 bxc6 12.Bf4 d5 13.exd5 cxd5 14.Qe2 Nf6 15.Nxd5
Nxd5 16.Rxd5 Qb6 17.Rd3 Bc5 18.Be5 Bb5 19.Qe4 O-O 20.Rg3 f6 21.Qg6 Ra7 22.Bxb5
axb5 23.Bxf6 Rxf6 24.Qxf6 Bxf2 25.Rg6 Kh7 26.Qxe6 Qa5 27.Rf1 Bd4 28.Rg3 Bf6
29.Rxf6 {#r} 1-0

[Event "It (open)"]
[Site "masterchessopen.com Zurich (Switzerland)"]
[Round "1"]
[White "Loeffelhardt Friedhelm (SUI)"]
[Black "Joksic Sinisa (SRB)"]
[Result "0-1"]
[WhiteElo "2008"]
[BlackElo "2288"]

1.e4 c5 2.Nf3 Nc6 3.d4 cxd4 4.Nxd4 Nf6 5.Nc3 d6 6.Bg5 e6 7.Qd2 a6 8.O-O-O Bd7
9.f4 Qc7 10.Kb1 h6 11.Bh4 Be7 12.Bf2 Na5 13.h3 b5 14.Bd3 b4 15.Nce2 d5 16.exd5
exd5 17.Ng3 O-O 18.Ngf5 Bc5 19.g4 Rfe8 20.g5 hxg5 21.fxg5 Nc4 22.Qc1 Ne4
23.Bxe4 Rxe4 24.h4 Bxf5 25.Nxf5 Bxf2 26.Rxd5 Rae8 27.Rdd1 Qe5 {#R} 0-1

[Event "Ch Hungary (juniors) (under 18)"]
[Site "masterchessopen.com Paks (Hungary)"]
[Date "1999.03.27"]
[Round "1"]
[White "Neber Akos (HUN)"]
[Black "Toth Andras (HUN)"]
[Result "0-1"]
[WhiteElo "2202"]
[BlackElo "2297"]

1.e4 c5 2.Nf3 Nc6 3.d4 cxd4 4.Nxd4 Nf6 5.Nc3 d6 6.Bg5 e6 7.Qd2 a6 8.O-O-O Bd7
9.f3 Qa5 10.h4 b5 11.Kb1 Be7 12.Nxc6 Bxc6 13.g4 Rc8 14.Bd3 h5 15.gxh5 Rxh5
16.Rhg1 g6 17.Qf4 e5 18.Qe3 Nd7 19.Be2 f6 20.Bh6 Kf7 21.Nxb5 d5 22.Qb3 Nc5
23.Qa3 Qxa3 24.Nxa3 Rxh6 25.exd5 Bd7 26.Nc4 Rxh4 27.Nb6 Rd8 28.d6 Bf8 {#R} 0-1

[Event "Tournament (Elo)"]
[Site "masterchessopen.com Budapest (Hungary)"]
[Round "0"]
[White "Kovacs Robert (HUN)"]
[Black "Balogh Viktor (HUN)"]
[Result "1-0"]
[WhiteElo "2051"]
[BlackElo "2156"]

1.e4 c5 2.Nf3 d6 3.d4 cxd4 4.Nxd4 Nf6 5.Nc3 Nc6 6.Bg5 e6 7.Qd2 a6 8.O-O-O Bd7
9.f4 b5 10.Bxf6 gxf6 11.Nxc6 Bxc6 12.Qe1 Qb6 13.Kb1 Be7 14.Bd3 a5 15.Rf1 b4
16.Ne2 a4 17.b3 d5 18.e5 Bc5 19.exf6 Be3 20.Rf3 axb3 21.cxb3 Qa5 22.Rxe3 Qxa2+
23.Kc1 Qa3+ 24.Kd2 Qb2+ 25.Bc2 d4 26.Rd3 Be4 27.Rb1 Qa2 28.Nc1 {#r} 1-0

[Event "It (open)"]
[Site "masterchessopen.com Bad Woerishofen (Germany)"]
[Round "8"]
[White "Graf Christian (GER)"]
[Black "Von Saldern Ruediger (GER)"]
[Result "1-0"]
[WhiteElo "2236"]
[BlackElo "2010"]

1.e4 c5 2.Nf3 Nc6 3.d4 cxd4 4.Nxd4 Nf6 5.Nc3 d6 6.Bg5 e6 7.Qd2 a6 8.O-O-O Bd7
9.f4 Qc7 10.Nf3 b5 11.e5 b4 12.exf6 bxc3 13.Qxc3 g6 14.f5 gxf5 15.Bf4 Rc8
16.Bxa6 Nb4 17.Qxc7 Rxc7 18.Bxd6 Nxa6 19.Bxc7 Nxc7 20.Ne5 Bh6+ 21.Kb1 Bc8
22.g4 Bb7 23.Rhe1 Nd5 24.gxf5 Nxf6 25.Rd6 Ke7 26.Rb6 Be4 27.fxe6 fxe6 28.Ng4
Bd2 29.Nxf6 Bf5 30.Nd5+ Kd7 31.Rd1 {#r} 1-0

[Event "It (open)"]
[Site "masterchessopen.com Bad Zwesten (Germany)"]
[Round "8"]
[White "Mossakowski Florian (GER)"]
[Black "Langheinrich Ferenc (GER)"]
[Result "0-1"]
[WhiteElo "2336"]
[BlackElo "2384"]

1.e4 c5 2.Nf3 d6 3.d4 cxd4 4.Nxd4 Nf6 5.Nc3 Nc6 6.Bg5 e6 7.Qd2 a6 8.O-O-O Bd7
9.f4 h6 10.Bh4 g5 11.fxg5 Ng4 12.Nxc6 Bxc6 13.Be2 Ne5 14.g3 Ng6 15.Rdf1 Be7
16.gxh6 Nxh4 17.gxh4 Bf8 18.Qd4 Rxh6 19.h5 Qg5+ 20.Kb1 Qe5 21.Qb6 Rc8 22.Rhg1
Qc5 23.Qxc5 dxc5 24.Rg8 b5 25.e5 Ke7 26.Rf6 Rh7 27.h6 c4 28.Bh5 Ra8 29.Bxf7
Rxf7 30.Rxf7+ Kxf7 {#R} 0-1

[Event "Ch Spain"]
[Site "masterchessopen.com Barcelona (Spain)"]
[Round "8"]
[White "De La Riva Aguado Oscar (AND)"]
[Black "Estremera Panos Sergio (ESP)"]
[Result "1-0"]
[WhiteElo "2462"]
[BlackElo "2364"]

1.e4 c5 2.Nf3 d6 3.d4 cxd4 4.Nxd4 Nf6 5.Nc3 Nc6 6.Bg5 e6 7.Qd2 a6 8.O-O-O Bd7
9.f3 Qc7 10.Kb1 Be7 11.h4 h6 12.Be3 h5 13.Bg5 Rb8 14.g3 Ne5 15.f4 Neg4 16.Bh3
b5 17.Bxg4 hxg4 18.e5 b4 19.Nce2 dxe5 20.fxe5 Ne4 21.Qf4 Nxg5 22.hxg5 Rf8
23.Rh7 Bb5 24.Rxg7 Bxe2 25.Nxe2 b3 26.axb3 Rb4 27.Nd4 Qa5 28.g6 {#r} 1-0

[Event "Memorial V.Ciocaltea (open)"]
[Site "masterchessopen.com Bucharest (Romania)"]
[Round "1"]
[White "Niculescu Cristian (ROM)"]
[Black "Lupulescu Constantin (ROM)"]
[Result "0-1"]
[WhiteElo "2157"]
[BlackElo "2389"]

1.e4 c5 2.Nf3 Nc6 3.d4 cxd4 4.Nxd4 Nf6 5.Nc3 d6 6.Bg5 e6 7.Qd2 a6 8.O-O-O Bd7
9.f4 b5 10.f5 b4 11.fxe6 fxe6 12.Nxc6 Bxc6 13.Bxf6 Qxf6 14.Ne2 Be7 15.Qxb4 O-O
16.c3 Rab8 17.Qd4 Qg5+ 18.Kb1 Qb5 19.Rd2 Bf6 20.Qxd6 Bxe4+ 21.Ka1 Rb6 22.Qg3
Bg5 23.c4 Qa5 24.Rd7 Bf6 25.Nd4 Qd2 {#R} 0-1

[Event "It \"]
[Site "masterchessopen.com Budapest (Hungary)"]
[Round "1"]
[White "Naiditsch Arkadij (GER)"]
[Black "Acs Peter (HUN)"]
[Result "0-1"]
[WhiteElo "2449"]
[BlackElo "2497"]

1.e4 c5 2.Nf3 Nc6 3.d4 cxd4 4.Nxd4 Nf6 5.Nc3 d6 6.Bg5 e6 7.Qd2 a6 8.O-O-O Bd7
9.f3 b5 10.Nxc6 Bxc6 11.Ne2 Be7 12.Nd4 Bb7 13.h4 Rc8 14.Kb1 h6 15.Be3 Nd7
16.Qf2 Qc7 17.Rd2 d5 18.exd5 Bxd5 19.Be2 Nc5 20.Rc1 O-O 21.g4 Qa5 22.b3 Qc3
23.Nf5 Bf6 24.Rd4 exf5 {#R} 0-1

[Event "It (open) \"]
[Site "masterchessopen.com Budapest (Hungary)"]
[Round "5"]
[White "Pinter Gabor (HUN)"]
[Black "Balogh Csaba (HUN)"]
[Result "1-0"]
[WhiteElo "2384"]
[BlackElo "2359"]

1.e4 c5 2.Nf3 d6 3.d4 cxd4 4.Nxd4 Nf6 5.Nc3 Nc6 6.Bg5 e6 7.Qd2 a6 8.O-O-O Bd7
9.f4 b5 10.Bxf6 gxf6 11.Kb1 Qb6 12.Nce2 h5 13.g3 Na5 14.b3 Nc6 15.Bg2 Rc8
16.Rhf1 h4 17.Nf3 hxg3 18.hxg3 b4 19.e5 Na7 20.Ned4 dxe5 21.fxe5 Bh6 22.Qf2
Rc3 23.Nd2 Bxd2 24.Qxf6 Rh7 25.Rxd2 Nb5 26.Nf5 Qc5 27.Nd6+ Nxd6 28.exd6 Kf8
29.Qe7+ Kg8 30.Qxd7 {#r} 1-0

[Event "It (open) \"]
[Site "masterchessopen.com Budapest (Hungary)"]
[Round "3"]
[White "Pinter Gabor (HUN)"]
[Black "Balogh Viktor (HUN)"]
[Result "1-0"]
[WhiteElo "2384"]
[BlackElo "2182"]

1.e4 c5 2.Nf3 d6 3.d4 cxd4 4.Nxd4 Nf6 5.Nc3 Nc6 6.Bg5 e6 7.Qd2 a6 8.O-O-O Bd7
9.f3 Qc7 10.g4 Be7 11.h4 Rc8 12.Kb1 Ne5 13.Rg1 b5 14.Bxf6 gxf6 15.f4 Nc4
16.Bxc4 Qxc4 17.Rge1 Kd8 18.a3 b4 19.axb4 Qxb4 20.Nb3 Rg8 21.g5 Rc6 22.Qe2 Rc4
23.Qh5 Rf8 24.Qxh7 a5 25.gxf6 Bxf6 26.e5 dxe5 27.fxe5 Be7 28.Qd3 Rc7 29.Re4
Qb6 30.Rd4 {#r} 1-0

[Event "It"]
[Site "masterchessopen.com Cannes (France)"]
[Round "2"]
[White "Santo-Roman Marc (FRA)"]
[Black "Palac Mladen (CRO)"]
[Result "0-1"]
[WhiteElo "2418"]
[BlackElo "2573"]

1.e4 c5 2.Nf3 Nc6 3.d4 cxd4 4.Nxd4 Nf6 5.Nc3 d6 6.Bg5 e6 7.Qd2 a6 8.O-O-O Bd7
9.f4 b5 10.Nxc6 Bxc6 11.Qe3 Be7 12.Bxf6 Bxf6 13.e5 Be7 14.exd6 Bxd6 15.Ne4
Bxe4 16.Qxe4 O-O 17.Bd3 g6 18.h4 Qf6 19.Rdf1 Rfd8 20.h5 Bf8 21.hxg6 hxg6 22.g4
Bg7 23.c3 b4 24.f5 exf5 25.gxf5 g5 {#R} 0-1

[Event "It (open)"]
[Site "masterchessopen.com Cappelle la Grande (France)"]
[Round "6"]
[White "Te-Llalemand Rosa (FRA)"]
[Black "Aseev Konstantin N (RUS)"]
[Result "0-1"]
[WhiteElo "2289"]
[BlackElo "2554"]

1.e4 c5 2.Nf3 d6 3.d4 cxd4 4.Nxd4 Nf6 5.Nc3 Nc6 6.Bg5 e6 7.Qd2 a6 8.O-O-O Bd7
9.f4 b5 10.Nxc6 Bxc6 11.Qe1 h6 12.Bh4 Be7 13.Bxf6 Bxf6 14.e5 Be7 15.f5 Bh4
16.Qe2 Qg5+ 17.Kb1 Qxf5 18.Rxd6 Rc8 19.Rxc6 Rxc6 20.g3 Bd8 21.Bg2 Rc5 22.Rf1
Qxe5 23.Bc6+ Kf8 24.Qd3 Bf6 25.Qd7 g6 26.a4 Kg7 {#R} 0-1

[Event "Ch Chile"]
[Site "masterchessopen.com Chile"]
[Round "2"]
[White "Vasquez Rodrigo (CHI)"]
[Black "Leon Rodrigo (CHI)"]
[Result "1-0"]
[WhiteElo "2454"]
[BlackElo "2200"]

1.e4 c5 2.Nf3 Nc6 3.d4 cxd4 4.Nxd4 Nf6 5.Nc3 d6 6.Bg5 e6 7.Qd2 a6 8.O-O-O Bd7
9.f3 b5 10.Kb1 Qb6 11.Be3 Qb7 12.Nxc6 Bxc6 13.g4 Rc8 14.Bg2 b4 15.Ne2 e5 16.g5
Nd7 17.h4 Nb6 18.Qxb4 Bb5 19.Bxb6 Bxe2 20.Rd2 Bb5 21.Qa5 Be7 22.b3 Rc6 23.Be3
Bc4 24.Ka1 Be6 25.c4 {#r} 1-0

[Event "Ch Cuba (juniors) (under 20) (1/2 final)"]
[Site "masterchessopen.com Cuba"]
[Round "1"]
[White "Taureaux Kenny (CUB)"]
[Black "Estrella Grigorio (CUB)"]
[Result "0-1"]
[WhiteElo "2041"]
[BlackElo "2122"]

1.e4 c5 2.Nf3 Nc6 3.d4 cxd4 4.Nxd4 Nf6 5.Nc3 d6 6.Bg5 e6 7.Qd2 a6 8.O-O-O Bd7
9.f3 b5 10.Nxc6 Bxc6 11.Kb1 Be7 12.h4 Qa5 13.g4 Rc8 14.Qd4 O-O 15.Bd2 e5
16.Nd5 Nxd5 17.Qxd5 Qc7 18.Qd3 d5 19.exd5 Bxd5 20.Rc1 Rfd8 21.Qe2 Qc6 22.Rh3
Bc4 {#R} 0-1

[Event "It (open)"]
[Site "masterchessopen.com Dubna (Russia)"]
[Round "1"]
[White "Moskalenko Alexander (RUS)"]
[Black "Kurenkov Nikolai (RUS)"]
[Result "0-1"]
[WhiteElo "2265"]
[BlackElo "2329"]

1.e4 c5 2.Nf3 d6 3.d4 cxd4 4.Nxd4 Nf6 5.Nc3 Nc6 6.Bg5 e6 7.Qd2 a6 8.O-O-O Bd7
9.f4 h6 10.Bh4 g5 11.fxg5 Ng4 12.Be2 Nge5 13.Nxc6 Bxc6 14.g3 Ng6 15.Bh5 Nxh4
16.gxh4 hxg5 17.Bg4 Rxh4 18.h3 Bg7 19.Rhe1 Be5 20.Kb1 Qa5 {#R} 0-1

[Event "Ch Finland (team) 2000/01"]
[Site "masterchessopen.com Finland"]
[Round "1"]
[White "Lehto Ville (FIN)"]
[Black "Pulkkinen Kari (FIN)"]
[Result "0-1"]
[WhiteElo "2255"]
[BlackElo "2296"]

1.e4 c5 2.Nf3 d6 3.d4 cxd4 4.Nxd4 Nf6 5.Nc3 Nc6 6.Bg5 e6 7.Qd2 a6 8.O-O-O Bd7
9.Nxc6 Bxc6 10.Qe3 Qa5 11.Bxf6 gxf6 12.Kb1 O-O-O 13.f4 Qc5 14.Qh3 Kb8 15.f5
Re8 16.Be2 h5 17.Rhf1 Qe5 18.Bxh5 d5 19.exd5 exd5 20.g3 d4 21.Qg4 dxc3 22.Bxf7
Re7 23.Be6 Bh6 24.Qb4 Rc7 25.Rfe1 Qb5 26.bxc3 Re8 27.Bb3 Rxe1 28.Rxe1 Bd2
29.Qf8+ Ka7 30.a4 Qxf5 31.Rd1 Bxc3 {#R} 0-1

[Event "It (open)"]
[Site "masterchessopen.com Fouesnant (France)"]
[Round "8"]
[White "Rihouay Clement (FRA)"]
[Black "Guedon Stephane (FRA)"]
[Result "0-1"]
[WhiteElo "2228"]
[BlackElo "2282"]

1.e4 c5 2.Nf3 Nc6 3.d4 cxd4 4.Nxd4 Nf6 5.Nc3 d6 6.Bg5 e6 7.Qd2 a6 8.O-O-O Bd7
9.f3 Be7 10.h4 Rc8 11.g4 b5 12.Kb1 Ne5 13.Bd3 O-O 14.Be3 Nc4 15.Bxc4 bxc4
16.h5 Rb8 17.Ka1 Qc7 18.g5 Ne8 19.Rhg1 Qb7 20.Rb1 Nc7 21.g6 e5 22.gxh7+ Kxh7
23.Qg2 Bf6 24.Bg5 Rg8 25.Be3 exd4 26.Qg6+ Kh8 27.Qxf7 dxc3 28.b3 Be6 29.Qg6
cxb3 30.axb3 Qb4 31.Rbf1 {#R} 0-1

[Event "Olympiad (children)"]
[Site "masterchessopen.com Gurzuf (Ukraine)"]
[Round "9"]
[White "Holmirzaev Bahodir (UZB)"]
[Black "Lupulescu Constantin (ROM)"]
[Result "1-0"]
[WhiteElo "2069"]
[BlackElo "2389"]

1.e4 c5 2.Nf3 Nc6 3.d4 cxd4 4.Nxd4 Nf6 5.Nc3 d6 6.Bg5 e6 7.Qd2 a6 8.O-O-O Bd7
9.f4 b5 10.Qe1 Nxd4 11.Rxd4 Qb6 12.Rd2 b4 13.Nd1 Bc6 14.Bd3 Nd7 15.Ne3 Nc5
16.f5 b3 17.axb3 Qa5 18.Kb1 Nxe4 19.Bxe4 Bxe4 20.Rd4 Qxe1+ 21.Rxe1 Bc6 22.fxe6
fxe6 23.Nc4 Bxg2 24.Rxe6+ Kd7 25.Re3 Ra7 26.Nxd6 Kc7 27.Rc3+ Bc6 28.Nf7 Rg8
29.Ne5 {#r} 1-0

[Event "It (open)"]
[Site "masterchessopen.com Lausanne (Switzerland)"]
[Round "5"]
[White "Fedorchuk Sergey A (UKR)"]
[Black "Tukmakov Vladimir B (UKR)"]
[Result "1-0"]
[WhiteElo "2408"]
[BlackElo "2582"]

1.e4 c5 2.Nf3 d6 3.d4 cxd4 4.Nxd4 Nf6 5.Nc3 Nc6 6.Bg5 e6 7.Qd2 a6 8.O-O-O Bd7
9.f4 b5 10.Bxf6 gxf6 11.Kb1 Qb6 12.Nxc6 Bxc6 13.Bd3 b4 14.Ne2 a5 15.Ng3 h5
16.Qe2 Qc5 17.f5 h4 18.Nh5 Qe5 19.Rhf1 a4 20.Nxf6+ Qxf6 21.Bb5 Rc8 22.Bxc6+
Rxc6 23.Qb5 Kd7 24.e5 Qd8 25.fxe6+ Kc7 26.Rxf7+ Be7 27.exd6+ Rxd6 28.Rxe7+
{#r} 1-0

[Event "It (open) (active)"]
[Site "masterchessopen.com Linares (Chile)"]
[Round "6"]
[White "Short Nigel D (ENG)"]
[Black "Leon Rodrigo (CHI)"]
[Result "1-0"]
[WhiteElo "2677"]
[BlackElo "2200"]

1.e4 c5 2.Nf3 Nc6 3.d4 cxd4 4.Nxd4 Nf6 5.Nc3 d6 6.Bg5 e6 7.Qd2 a6 8.O-O-O Bd7
9.f3 b5 10.Kb1 Qb6 11.Be3 Qb7 12.g4 h6 13.h4 Ne5 14.Qg2 b4 15.Nce2 Nc4 16.Bc1
e5 17.g5 Nh5 18.g6 exd4 19.gxf7+ Kd8 20.Nxd4 Rc8 21.Qg6 Nf6 22.Bxc4 Rxc4 23.b3
Rc5 24.Rhe1 Kc8 25.Bb2 h5 26.Nf5 Bxf5 27.exf5 Rh6 28.Re8+ Kc7 29.Qg3 {#r} 1-0